Statistics for European Union official languages added in 2004

Click here to take the quiz!

General Stats

  • This quiz has been taken 22 times
  • The average score is 8 of 9

Answer Stats

Language% Correct
Polish
100%
Estonian
95%
Latvian
95%
Lithuanian
95%
Slovenian
95%
Czech
89%
Slovak
89%
Hungarian
84%
Maltese
42%

Score Distribution

Percentile by Number Answered

Percent of People with Each Score

Your Score History

You have not taken this quiz